C.H.P. Büyük Kurultay (Record no. 4560)

MARC details
000 -BAŞLIK
Sabit Uzunlukta Kontrol Alanı 01579na a2200433 4500
001 - KONTROL NUMARASI
Denetim Alanı 17795
003 - KONTROL NUMARASI IDENTIFIER
Denetim Alanı MIRAKIL
005 - SON İŞLEM TARİHİ VE ZAMANI
Denetim Alanı 20181213155010.0
008 - SABİT-BOY VERİ ELEMANLARI - GENEL BİLGİLER
Sabit Uzunlukta Kontrol Alanı 161104b tu 000 0
035 ## - SİSTEM KONTROL NUMARASI
Sistem Kontrol Numarası 17795
040 ## - KATALOGLAMA KAYNAK
Orijinal Kataloglama Ajansı Milas
Kataloglama Dili tur
Metne Dönüştürmek Ajansı TR-AnCHP
041 ## - DİL KODU
Metin / Ses Parça Veya Ayrı Başlığın Dil Kodu tur
082 ## - DEWEY ONLU SINIFLANDIRMA NUMARASI
Sınıflandırma Numarası CHP 324.2372
Ürün Numarası C36b 1939 Tezkere
090 ## - SINIFLAMA NUMARASI
Sınıflama Numarası CHP 324.2372 C36b 1939 Tezkere
111 ## - ANA GİRİŞ - TOPLANTI ADI
Giriş Elemanı Olarak Toplantı Adı Veya Yargı Alanı Adı CHP Olağan Kurultay
Toplantının Yeri Ankara
Toplantı Veya Antlaşma İmzalandığı Tarihi 29 Mayıs 1939
Bölüm / Bölüm / Toplantı Sayısı 5.
222 ## - ANAHTAR ADI
Anahtar Başlık 5. Büyük Kurultay
245 ## - BAŞLIK TABLOSU
Başlık C.H.P. Büyük Kurultay
Başlığın Kalan Ankara, 29 Mayıs 1939
-- Görüşülecek işler listesi - Büyük kurultay başkanlığına sunulan tezkerelerin örnekleri
Sorumluluk Tablosu, Vb Cumhuriyet Halk Partisi
246 ## - UNVAN FORM VARYING
Başlık Doğru / Kısa Başlığı CHP 5. Büyük Kurultay
246 ## - UNVAN FORM VARYING
Başlık Doğru / Kısa Başlığı 5. Kurultay
246 ## - UNVAN FORM VARYING
Başlık Doğru / Kısa Başlığı 5. Büyük Kurultay
260 ## - YAYIN, DAĞITIM, VB
Yayın, Dağıtım, Vb Yeri Ankara
Yayıncı, Dağıtıcı, Vs Adı CHP
Yayın, Dağıtım, Vb Tarihi 1939
300 ## - FİZİKSEL TANIM
Kapsam [6] s.
Boyutlar 24 sm.
490 ## - SERİSİ TABLOSU
Seri Beyanı Cumhuriyet Halk Partisi yayınları
505 ## - BİÇİMLENDİRİLDİ İÇİNDEKİLER NOT
Biçimlendirilmiş İçeriği Dikkat Görüşülecek işler listesi - Büyük kurultay başkanlığına sunulan tezkerelerin örnekleri
610 ## - KONU KATMA GİRİŞ - TOPLANTI ADI
Giriş Elemanı Olarak Kurumsal Ad Veya Yargı Alanı Adı Cumhuriyet Halk Partisi
610 ## - KONU KATMA GİRİŞ - TOPLANTI ADI
Giriş Elemanı Olarak Kurumsal Ad Veya Yargı Alanı Adı Cumhuriyet Halk Partisi
Genel Alt Bölüm Kurultaylar
Kronolojik Alt Bölüm 1939
651 ## - KONU KATMA GİRİŞ - COĞRAFİ ADI
Coğrafi İsim Türkiye
Genel Alt Bölümü Siyaset ve yönetim
Kronolojik Alt Bölümü 1938-1945
740 ## - KATMA GİRİŞ - KONTROLSUZ İLGİLİ / ANALİTİK BAŞLIK
Kontrol Edilmeyen / İlgili Analitik Başlıktaki Büyük kurultay başkanlığına sunulan tezkerelerin örnekleri
740 ## - KATMA GİRİŞ - KONTROLSUZ İLGİLİ / ANALİTİK BAŞLIK
Kontrol Edilmeyen / İlgili Analitik Başlıktaki Görüşülecek işler listesi
740 ## - KATMA GİRİŞ - KONTROLSUZ İLGİLİ / ANALİTİK BAŞLIK
Kontrol Edilmeyen / İlgili Analitik Başlıktaki CHP 5. Büyük Kurultayı
740 ## - KATMA GİRİŞ - KONTROLSUZ İLGİLİ / ANALİTİK BAŞLIK
Kontrol Edilmeyen / İlgili Analitik Başlıktaki 5. Büyük Kurultay
740 ## - KATMA GİRİŞ - KONTROLSUZ İLGİLİ / ANALİTİK BAŞLIK
Kontrol Edilmeyen / İlgili Analitik Başlıktaki CHP 5. Olağan Kurultayı
740 ## - KATMA GİRİŞ - KONTROLSUZ İLGİLİ / ANALİTİK BAŞLIK
Kontrol Edilmeyen / İlgili Analitik Başlıktaki 5. Kurultay
830 ## - SERİSİ EKLENDİ GİRİŞ - ÜNİFORM ADI
Üniforma Başlık CHP yayınları
942 ## - EKLENDİ GİRİŞ ELEMANLARI (KOHA)
Sınıflandırma Veya Raf Düzeni Kaynak Dewey Decimal Classification
Koha Öğesi Türü Books
999 ## - SİSTEM KONTROL NUMARALARI (KOHA)
Koha Biblionumber 4560
Koha Biblioitemnumber 4560
657 ## - INDEX SÜRE - İŞLEVİ
-- CHP büyük kurultaylar
657 ## - INDEX SÜRE - İŞLEVİ
-- CHP kurultayları
657 ## - INDEX SÜRE - İŞLEVİ
-- CHP Olağan Kurultayları
Holdings
Kalıcı Konum Mevcut Konum Edinme Tarihi Edinim Kaynak Toplam Check-Out'Lar Tam Çağrı Numarası Barkod Tarih Son Görülme İtibaren Geçerli Fiyatlar Koha Öğesi Türü
CHP Kütüphanesi CHP Kütüphanesi 11/04/2016 Bağış   CHP 324.2372 C36b 1939 Tezkere 009080 11/04/2016 11/04/2016 Books